| 000 | 00422nam a2200157 i 4500 | ||
|---|---|---|---|
| 001 | 30300 | ||
| 003 | ES-MaACL | ||
| 005 | 20230906154154.0 | ||
| 007 | t| | ||
| 008 | 030124s1963 ag ||||1| spa d | ||
| 100 | 1 |
_aBassols, Claudio. _926328 |
|
| 245 | 1 | 4 |
_aLos hijos de Cam / _cClaudio Bassols. |
| 260 |
_aBuenos Aires : _bPlaza & Janés, _c[1963] |
||
| 300 |
_a387 p. ; _c24 cm. |
||
| 852 |
_aES-MaACL _jC-23677 _bR.52211 |
||
| 999 |
_c30300 _d30300 |
||